Indigo Bend (Record no. 75136)

MARC details
000 -LEADER
campo de control de longitud fija 00640nam a2200217 i 4500
001 - NÚMERO DE CONTROL
campo de control 75136
003 - IDENTIFICADOR DE NÚMERO DE CONTROL
campo de control ES-MaACL
005 - FECHA Y HORA DE LA ÚLTIMA TRANSACCIÓN
campo de control 20230906172339.0
007 - CAMPO FIJO DE DESCRIPCIÓN FÍSICA--INFORMACIÓN GENERAL
campo de control de longitud fija t|
008 - DATOS DE LONGITUD FIJA--INFORMACIÓN GENERAL
campo de control de longitud fija 040922s1955 sp ||||1| spa d
100 1# - ENTRADA PRINCIPAL--NOMBRE DE PERSONA
Nombre de persona Graham, Alice Walworth.
9 (RLIN) 59515
245 10 - MENCIÓN DEL TÍTULO
Título Indigo Bend
Resto del título : novela /
Mención de responsabilidad, etc. Alice Walworth Graham ; [traducción del inglés por Manuel Torrente].
250 ## - MENCION DE EDICION
Mención de edición [1ª ed.].
260 ## - PUBLICACIÓN, DISTRIBUCIÓN, ETC.
Lugar de publicación, distribución, etc. Barcelona :
Nombre del editor, distribuidor, etc. Planeta,
Fecha de publicación, distribución, etc. [1955] (
Fabricante Ampurias)
300 ## - DESCRIPCIÓN FÍSICA
Extensión 411 p. ;
Dimensiones 19 cm.
490 1# - MENCIÓN DE SERIE
Mención de serie Goliat
700 1# - ENTRADA AGREGADA--NOMBRE PERSONAL
Nombre de persona Torrente, Manuel.
9 (RLIN) 110848
830 0# - PUNTO DE ACCESO ADICIONAL DE SERIE-TÍTULO UNIFORME
Título uniforme Goliat
9 (RLIN) 181396
852 ## - LOCALIZACIÓN
Ubicación ES-MaACL
Número de control de estantería C-10011
Sublocalización o colección R.38211
Holdings
Estatus retirado Estado de pérdida Estado de daño No para préstamo Biblioteca de origen Biblioteca actual Ubicación en estantería Fecha de adquisición Fuente de adquisición Total de préstamos Signatura topográfica completa Código de barras Visto por última vez Precio de reemplazo Tipo de ítem Koha
        Biblioteca del Ateneo de Madrid Biblioteca del Ateneo de Madrid Sala Palomar 17/01/2008     C-10011 1078642 23/02/2023 23/02/2023 Libro impreso